LEADER 04809nam 22008175 450 001 996465660203316 005 20200705234128.0 010 $a3-642-21073-2 024 7 $a10.1007/978-3-642-21073-0 035 $a(CKB)2670000000083946 035 $a(SSID)ssj0000530609 035 $a(PQKBManifestationID)11345841 035 $a(PQKBTitleCode)TC0000530609 035 $a(PQKBWorkID)10561234 035 $a(PQKB)10469035 035 $a(DE-He213)978-3-642-21073-0 035 $a(MiAaPQ)EBC3066740 035 $a(PPN)153864508 035 $a(EXLCZ)992670000000083946 100 $a20110514d2011 u| 0 101 0 $aeng 135 $aurnn|008mamaa 181 $ctxt 182 $cc 183 $acr 200 10$aCombinatorial Image Analysis$b[electronic resource] $e14th International Workshop, IWCIA 2011, Madrid, Spain, May 23-25, 2011. Proceedings /$fedited by Jake K. Aggarwal, Reneta P. Barneva, Valentin E. Brimkov, Kostadin N. Koroutchev, Elka R. Korutcheva 205 $a1st ed. 2011. 210 1$aBerlin, Heidelberg :$cSpringer Berlin Heidelberg :$cImprint: Springer,$d2011. 215 $a1 online resource (XIV, 496 p.) 225 1 $aImage Processing, Computer Vision, Pattern Recognition, and Graphics ;$v6636 300 $aBibliographic Level Mode of Issuance: Monograph 311 $a3-642-21072-4 320 $aIncludes bibliographical references and index. 330 $aThis volume constitutes the refereed proceedings of the 14th International Workshop on Combinatorial Image Analysis, IWCIA 2011, held in Madrid, Spain, in May 2011. The 25 revised full papers and 13 poster papers presented together with 4 invited contributions were carefully reviewed and selected from 60 submissions. The papers are organized in topical sections such as combinatorial problems in the discrete plane and space related to image analysis; lattice polygons and polytopes; discrete/combinatorial geometry and topology and their use in image analysis; digital geometry of curves and surfaces; tilings and patterns; combinatorial pattern matching; image representation, segmentation, grouping, and reconstruction; methods for image compression; discrete tomography; applications of integer programming, linear programming, and computational geometry to problems of image analysis; parallel architectures and algorithms for image analysis; fuzzy and stochastic image analysis; grammars and models for image or scene analysis and recognition, cellular automata; mathematical morphology and its applications to image analysis; applications in medical imaging, biometrics, and others. 410 0$aImage Processing, Computer Vision, Pattern Recognition, and Graphics ;$v6636 606 $aOptical data processing 606 $aPattern recognition 606 $aComputer graphics 606 $aAlgorithms 606 $aComputer science?Mathematics 606 $aNumerical analysis 606 $aImage Processing and Computer Vision$3https://scigraph.springernature.com/ontologies/product-market-codes/I22021 606 $aPattern Recognition$3https://scigraph.springernature.com/ontologies/product-market-codes/I2203X 606 $aComputer Graphics$3https://scigraph.springernature.com/ontologies/product-market-codes/I22013 606 $aAlgorithm Analysis and Problem Complexity$3https://scigraph.springernature.com/ontologies/product-market-codes/I16021 606 $aDiscrete Mathematics in Computer Science$3https://scigraph.springernature.com/ontologies/product-market-codes/I17028 606 $aNumeric Computing$3https://scigraph.springernature.com/ontologies/product-market-codes/I1701X 615 0$aOptical data processing. 615 0$aPattern recognition. 615 0$aComputer graphics. 615 0$aAlgorithms. 615 0$aComputer science?Mathematics. 615 0$aNumerical analysis. 615 14$aImage Processing and Computer Vision. 615 24$aPattern Recognition. 615 24$aComputer Graphics. 615 24$aAlgorithm Analysis and Problem Complexity. 615 24$aDiscrete Mathematics in Computer Science. 615 24$aNumeric Computing. 676 $a006.6 676 $a006.37 702 $aAggarwal$b Jake K$4edt$4http://id.loc.gov/vocabulary/relators/edt 702 $aBarneva$b Reneta P$4edt$4http://id.loc.gov/vocabulary/relators/edt 702 $aBrimkov$b Valentin E$4edt$4http://id.loc.gov/vocabulary/relators/edt 702 $aKoroutchev$b Kostadin N$4edt$4http://id.loc.gov/vocabulary/relators/edt 702 $aKorutcheva$b Elka R$4edt$4http://id.loc.gov/vocabulary/relators/edt 712 12$aInternational Workshop on Combinatorial Image Analysis 906 $aBOOK 912 $a996465660203316 996 $aCombinatorial Image Analysis$9771884 997 $aUNISA